<?xml version="1.0" encoding="UTF-8"?>
<record
    xmlns:xsi="http://www.w3.org/2001/XMLSchema-instance"
    xsi:schemaLocation="http://www.loc.gov/MARC21/slim http://www.loc.gov/standards/marcxml/schema/MARC21slim.xsd"
    xmlns="http://www.loc.gov/MARC21/slim">

  <leader>02174nam a2200241Ia 4500</leader>
  <controlfield tag="003">OSt</controlfield>
  <controlfield tag="005">20250703145128.0</controlfield>
  <controlfield tag="008">210210b2006   xxu||||| |||| 00| 0 eng d</controlfield>
  <datafield tag="020" ind1=" " ind2=" ">
    <subfield code="a">8173026580</subfield>
  </datafield>
  <datafield tag="040" ind1=" " ind2=" ">
    <subfield code="c">AL</subfield>
  </datafield>
  <datafield tag="041" ind1=" " ind2=" ">
    <subfield code="a">Kannada</subfield>
  </datafield>
  <datafield tag="082" ind1=" " ind2=" ">
    <subfield code="a">954.01K SHAP</subfield>
  </datafield>
  <datafield tag="100" ind1=" " ind2=" ">
    <subfield code="a">SHARMA (R S)</subfield>
    <subfield code="d"> &#xCB6;&#xCB0;&#xCCD;&#xCAE;&#xCBE; (&#xC86;&#xCB0;&#xCCD; &#xC8E;&#xCB8;&#xCCD;)</subfield>
    <subfield code="9">175863</subfield>
  </datafield>
  <datafield tag="245" ind1=" " ind2=" ">
    <subfield code="a">Prachina Bharatadalli shudraru </subfield>
    <subfield code="b">&#xCAA;&#xCCD;&#xCB0;&#xCBE;&#xC9A;&#xCC0;&#xCA8; &#xCAD;&#xCBE;&#xCB0;&#xCA4;&#xCA6;&#xCB2;&#xCCD;&#xCB2;&#xCBF; &#xCB6;&#xCC2;&#xCA6;&#xCCD;&#xCB0;&#xCB0;&#xCC1;</subfield>
  </datafield>
  <datafield tag="260" ind1=" " ind2=" ">
    <subfield code="a">Bengaluru</subfield>
    <subfield code="b">Navakarnataka Prakashana</subfield>
    <subfield code="c">2006</subfield>
  </datafield>
  <datafield tag="300" ind1=" " ind2=" ">
    <subfield code="a">181</subfield>
  </datafield>
  <datafield tag="520" ind1=" " ind2=" ">
    <subfield code="a">&#xCB9;&#xCBF;&#xCB0;&#xCBF;&#xCAF; &#xCB2;&#xCC7;&#xC96;&#xC95; &#xC9C;&#xCC6;. &#xCB6;&#xCCD;&#xCB0;&#xCC0;&#xCA8;&#xCBF;&#xCB5;&#xCBE;&#xCB8;&#xCAE;&#xCC2;&#xCB0;&#xCCD;&#xCA4;&#xCBF; &#xC85;&#xCB5;&#xCB0;&#xCC1; &#x2018;&#xCAA;&#xCCD;&#xCB0;&#xCBE;&#xC9A;&#xCC0;&#xCA8; &#xCAD;&#xCBE;&#xCB0;&#xCA4;&#xCA6;&#xCB2;&#xCCD;&#xCB2;&#xCBF; &#xCB6;&#xCC2;&#xCA6;&#xCCD;&#xCB0;&#xCB0;&#xCC1; : &#xC95;&#xCC6;&#xCB3;&#xC97;&#xCBF;&#xCA8; &#xCB8;&#xCCD;&#xCA4;&#xCB0;&#xCA6;&#xCB5;&#xCB0; &#xCB8;&#xCBE;&#xCAE;&#xCBE;&#xC9C;&#xCBF;&#xC95; &#xC87;&#xCA4;&#xCBF;&#xCB9;&#xCBE;&#xCB8; &#xC95;&#xCCD;&#xCB0;&#xCBF;  &#xCB6; &#xCEC;&#xCE6;&#xCE6; &#xCB0; &#xCB5;&#xCB0;&#xCC6;&#xC97;&#xCC6; &#x2019; &#xC8E;&#xC82;&#xCAC; &#xC95;&#xCC3;&#xCA4;&#xCBF;&#xCAF;&#xCA8;&#xCCD;&#xCA8;&#xCC1; &#xCAA;&#xCCD;&#xCB0;&#xCCA;.&#xCB0;&#xCBE;&#xCAE;&#xCCD; &#xCB6;&#xCB0;&#xCA3;&#xCCD; &#xCB6;&#xCB0;&#xCCD;&#xCAE;( &#xC86;&#xCB0;&#xCCD;.&#xC8E;&#xCB8;&#xCCD;. &#xCB6;&#xCB0;&#xCCD;&#xCAE;) &#xC85;&#xCB5;&#xCB0; &#x2018;&#xCB6;&#xCC2;&#xCA6;&#xCCD;&#xCB0;&#xCBE;&#xCB8;&#xCCD; &#xC87;&#xCA8;&#xCCD; &#xC8F;&#xCA8;&#xCCD;&#xCB6;&#xCC6;&#xC82;&#xC9F;&#xCCD; &#xC87;&#xC82;&#xCA1;&#xCBF;&#xCAF;&#xCBE;&#x2019; &#xC86;&#xC82;&#xC97;&#xCCD;&#xCB2; &#xCAD;&#xCBE;&#xCB7;&#xCC6;&#xCAF;&#xCBF;&#xC82;&#xCA6; &#xC85;&#xCA8;&#xCC1;&#xCB5;&#xCBE;&#xCA6;&#xCBF;&#xCB8;&#xCBF;&#xCA6;&#xCCD;&#xCA6;&#xCBE;&#xCB0;&#xCC6;. &#xC87;&#xCA4;&#xCBF;&#xCB9;&#xCBE;&#xCB8;&#xCB5;&#xCA8;&#xCCD;&#xCA8;&#xCC1; &#xCAD;&#xCBE;&#xCB5;&#xCC1;&#xC95;&#xCA4;&#xCC6;&#xCAF;&#xCBF;&#xC82;&#xCA6; &#xCB5;&#xCC8;&#xCAD;&#xCB5;&#xCC0;&#xC95;&#xCB0;&#xCBF;&#xCB8;&#xCC1;&#xCB5;&#xCC1;&#xCA6;&#xCB2;&#xCCD;&#xCB2;. &#xCAA;&#xCC1;&#xCB0;&#xCBE;&#xCA3;&#xCA6;&#xC82;&#xCA4;&#xCC6; &#xC85;&#xCA7;&#xCCD;&#xCAF;&#xCAF;&#xCA8; &#xCAE;&#xCBE;&#xCA1;&#xCC1;&#xCB5;&#xCC1;&#xCA6;&#xCC2; &#xC85;&#xCB2;&#xCCD;&#xCB2;. &#xCA4;&#xCAE;&#xC97;&#xCC6; &#xCAC;&#xCC7;&#xC95;&#xCBE;&#xCA6; &#xCB9;&#xCBE;&#xC97;&#xCC6; &#xCAC;&#xCB0;&#xCC6;&#xCAF;&#xCC1;&#xCB5;&#xCC1;&#xCA6;&#xCC1; &#xC87;&#xCA4;&#xCBF;&#xCB9;&#xCBE;&#xCB8;&#xCB5;&#xCB2;&#xCCD;&#xCB2;.&#xC87;&#xCA4;&#xCBF;&#xCB9;&#xCBE;&#xCB8;&#xCB5;&#xCA8;&#xCCD;&#xCA8;&#xCC1; &#xCB8;&#xCAE;&#xCBE;&#xCB9;&#xCBF;&#xCA4; &#xCA6;&#xCC3;&#xCB7;&#xCCD;&#xC9F;&#xCBF;&#xCAF;&#xCBF;&#xC82;&#xCA6; &#xC85;&#xCA7;&#xCCD;&#xCAF;&#xCAF;&#xCA8; &#xCAE;&#xCBE;&#xCA1;&#xCB2;&#xCC1;, &#xC87;&#xCA4;&#xCBF;&#xCB9;&#xCBE;&#xCB8;&#xCA6; &#xCA8;&#xCBF;&#xCB7;&#xCCD;&#xCA0;&#xCC1;&#xCB0; &#xCB8;&#xCA4;&#xCCD;&#xCAF;&#xC97;&#xCB3;&#xCA8;&#xCCD;&#xCA8;&#xCC1; &#xC9C;&#xCC0;&#xCB0;&#xCCD;&#xCA3;&#xCB8;&#xCBF;&#xC95;&#xCCA;&#xCB3;&#xCCD;&#xCB3;&#xCB2;&#xCC1; &#xC88; &#xC95;&#xCC3;&#xCA4;&#xCBF; &#xCB8;&#xCB9;&#xCBE;&#xCAF;&#xC95;. &#xC85;&#xCA8;&#xCC1;&#xCB5;&#xCBE;&#xCA6;&#xCB5;&#xCC1; &#xCB5;&#xCB8;&#xCCD;&#xCA4;&#xCC1;&#xCA8;&#xCBF;&#xCB7;&#xCCD;&#xCA0;&#xCB5;&#xCBE;&#xC97;&#xCBF;&#xCA6;&#xCC6;.</subfield>
  </datafield>
  <datafield tag="650" ind1=" " ind2=" ">
    <subfield code="a">Sudras in ancient India</subfield>
    <subfield code="9">217071</subfield>
  </datafield>
  <datafield tag="690" ind1=" " ind2=" ">
    <subfield code="a">Indian History</subfield>
    <subfield code="9">175886</subfield>
  </datafield>
  <datafield tag="700" ind1=" " ind2=" ">
    <subfield code="a">J Shrinivasa Murty; R Shobha; S Gurudat; G Ramakrashna</subfield>
    <subfield code="d">&#xC9C;&#xCC6;  &#xCB6;&#xCCD;&#xCB0;&#xCC0;&#xCA8;&#xCBF;&#xCB5;&#xCBE;&#xCB8; &#xCAE;&#xCC2;&#xCB0;&#xCCD;&#xCA4;&#xCBF;;&#xC85;&#xCB0;&#xCCD; &#xCB6;&#xCCB;&#xCAD;&#xCBE;; &#xC8E;&#xCB8;&#xCCD; &#xC97;&#xCC1;&#xCB0;&#xCC1;&#xCA6;&#xCA4;&#xCCD;; &#xC9C;&#xCC0; &#xCB0;&#xCBE;&#xCAE;&#xC95;&#xCC3;&#xCB7;&#xCCD;&#xCA3; tr</subfield>
    <subfield code="9">175887</subfield>
  </datafield>
  <datafield tag="906" ind1=" " ind2=" ">
    <subfield code="a">063948</subfield>
  </datafield>
  <datafield tag="942" ind1=" " ind2=" ">
    <subfield code="2">ddc</subfield>
    <subfield code="c">BK</subfield>
  </datafield>
  <datafield tag="999" ind1=" " ind2=" ">
    <subfield code="c">139262</subfield>
    <subfield code="d">139262</subfield>
  </datafield>
  <datafield tag="952" ind1=" " ind2=" ">
    <subfield code="0">0</subfield>
    <subfield code="1">0</subfield>
    <subfield code="2">ddc</subfield>
    <subfield code="4">0</subfield>
    <subfield code="7">0</subfield>
    <subfield code="8">HIS</subfield>
    <subfield code="a">AL</subfield>
    <subfield code="b">AL</subfield>
    <subfield code="c">History</subfield>
    <subfield code="d">2021-02-17</subfield>
    <subfield code="e">Athree Book Centre,Mangalore</subfield>
    <subfield code="g">90.00</subfield>
    <subfield code="l">0</subfield>
    <subfield code="o">954.01K SHAP</subfield>
    <subfield code="p">063948</subfield>
    <subfield code="r">2021-02-17 00:00:00</subfield>
    <subfield code="w">2021-02-17</subfield>
    <subfield code="y">BK</subfield>
  </datafield>
  <datafield tag="952" ind1=" " ind2=" ">
    <subfield code="0">0</subfield>
    <subfield code="1">0</subfield>
    <subfield code="2">ddc</subfield>
    <subfield code="4">0</subfield>
    <subfield code="7">0</subfield>
    <subfield code="8">HIS</subfield>
    <subfield code="a">AL</subfield>
    <subfield code="b">AL</subfield>
    <subfield code="c">History</subfield>
    <subfield code="d">2025-06-11</subfield>
    <subfield code="g">90.00</subfield>
    <subfield code="l">0</subfield>
    <subfield code="o">954.01K SHAP</subfield>
    <subfield code="p">D06335</subfield>
    <subfield code="r">2025-06-30 14:02:27</subfield>
    <subfield code="v">90.00</subfield>
    <subfield code="w">2025-06-30</subfield>
    <subfield code="y">DB</subfield>
    <subfield code="z">Donated by Patha Darshini Seva Trust (R)</subfield>
  </datafield>
</record>
